01069nam a22001577a 4500008004100000020001800041050001400059100004700073245008800120260004300208300002300251500003200274505054600306650001300852700004600865140604b xxu||||| |||| 00| 0 eng d a9780176330002 aHF1017.A2 aAnderson, David R.,Sweeney,Dennis J. et al aBusiness Statistics. /cDavid R.Anderson, Dennis J. Sweeney and Thomas A. Williams. aCanada:bNelson Education ltd:,c2011. a940p.bill:c25cm. aIncludes index and appendix aContents:-- Data and Statistics -- Descriptive Statistics: Tabular and Graphical Presentations -- Descriptive Statistics:Numerical Measures -- Introduction to Probability Distributions -- Continuous Probability Distributions -- Sampling and Sampling Distributions -- Interval Estimation -- Hypothesis Tests -- Statistical Inference about Means and Proportion Variances -- Tests of Goodness of Fit and Independence -- Experimental Design and Analysis of Variance -- Simple Linear Regression -- Multiple Regression -- References and Biography. aBusiness aSweeney,Dennis J. and Williams, Thomas A.